Словарь-минимум по английскому языку

Bibliographische Detailangaben
Weitere Verfasser: Киссин Т. С., Айзенштадт Г. Н., Беркина М. И., Левина А. М., Люлько И. Д.
Sprache:Russisch
Englisch
Veröffentlicht: Москва, Высшая школа, 1963
Schlagworte:
Format: MixedMaterials Buch
KOHA link:https://koha.lib.tpu.ru/cgi-bin/koha/opac-detail.pl?biblionumber=290531

MARC

LEADER 00000nam0a2200000 4500
001 290531
005 20231102000309.0
035 |a (RuTPU)RU\TPU\book\315082 
090 |a 290531 
100 |a 20150407d1963 m y0rusy50 ca 
101 0 |a rus  |a eng 
102 |a RU 
105 |a a e 000zy 
200 1 |a Словарь-минимум по английскому языку  |f Т. С. Киссин [и др.] 
210 |a Москва  |c Высшая школа  |d 1963 
215 |a 41 с. 
606 1 |a Английский язык  |x Словари  |2 stltpush  |3 (RuTPU)RU\TPU\subj\69128  |9 84097 
610 1 |a термины 
610 1 |a лексика 
610 1 |a понятия 
610 1 |a словари 
686 |a Ш143.21-4  |2 rubbk 
701 1 |a Киссин  |b Т. С. 
701 1 |a Айзенштадт  |b Г. Н. 
701 1 |a Беркина  |b М. И. 
701 1 |a Левина  |b А. М. 
701 1 |a Люлько  |b И. Д. 
801 1 |a RU  |b 63413507  |c 20150407 
801 2 |a RU  |b 63413507  |c 20221201  |g RCR 
942 |c BK